000 01538nam a2200385 i 4500
001 198207
003 ES-MaACL
005 20260408162449.0
007 ta
008 260408s1959 mx a|||| |||| 001 0dspa d
040 _aES-MaACL
_bspa
_cES-MaACL
_erda
044 _amx
080 _2929 Fosado Balderas, Jorge
080 _a929(460)(047.53)
080 _a908(460.11)"1957"
100 1 _aFosado Balderas, Jorge
_4aut
_9242965
_eaut
245 1 0 _aImpresiones de un viaje a España /
_cpor Jorge Fosado Balderas ; prólogo por René Capistrán Garza
264 1 _aMéxico D.F. :
_bTalleres de Imprenta y Offset Isabel,
_c1959
300 _aIII, 114 páginas (13 hojas de fotografías sin numerar) :
_bilustraciones, fotografías (blanco y negro) ;
_c23 cm +
_efe de erratas
336 _2rdacontent
_aTexto
337 _2rdamedia
_asin mediación
338 _2rdacarrier
_avolumen
500 _aRegistro provisional
500 _aDedicatoria "Para el Dr. Ing. Jaime Lope?, con la gratitud de Jorge Fosado B." (hoja de guarda)
500 _aÍndice
600 1 4 _aFosado Balderas, Jorge
_9242965
650 4 _aPersonas célebres
_zEspaña
_vEntrevistas
_9242966
651 4 _aEspaña-
_xDescripción-
_yS.XX
_98187
655 4 _aNarraciones de viajes
_9233914
655 4 _aEntrevistas
_9234232
852 _aES-MaACL
_cDES
_jDB-102
_hDonación: Manuel Guedán
_xEncuadernación rústica
_zDedicatoria autógrafa del autor
_9207191
942 _cMONOGRAFIA
_n0
999 _c198207
_d198207